List mladej herečky

Bibliographic Details
Main Author: Batta, György, 1943- (Author)
Other Authors: Králová, Katarína, 1941-1999 (Translator)
Format: Article
Language:Slovak
Subjects:

MARC

LEADER 00000nab a2200000 a 4500
001 vtls000084377
003 SK-MaSNL
005 20260303032030.0
008 111103c1981 xo 0 slo
015 |a SNBRB19rr/mm-uuuuu 
035 |a CL0094479 
040 |a SNKBUCL  |b slo  |c SNKBUCL  |e AACR2 
041 0 |a slo 
044 |a xo  |c SK 
080 |a 894.511-3  |2 1981 
100 1 |a Batta, György, 1943-  |4 aut  |9 114270 
245 1 0 |a List mladej herečky  |c György Batta ; Katarina Kralova 
650 0 7 |a poviedky psychologické  |2 snkbucl  |9 893883 
655 7 |a články z novín a časopisov  |2 snkbucl  |9 267496 
655 7 |a články z odboru literárna veda a krásna literatúra  |2 snkbucl  |9 770045 
700 1 |a Králová, Katarína,  |d 1941-1999  |4 trl  |9 37044 
773 0 |t Nedeľná Pravda  |g Roč. 14, č. 8 (1981), s. /13/ 
850 |a Slovenská národná knižnica v Martine  |a MTA001 
852 |a SNK  |b KIS3GCP 
958 |a RK 
958 |a LX 
992 |a RBX 
999 |c 1661822  |d 1663752